000 00195 a2200097 4500
001 7746
100 _aWillers, F.a
245 _aPractical analysis
260 _a
_bDover
_c
090 _c6203
_d6203
942 _aNUST-CAE
_cM
_c32716
999 _c242819
_d242819